La rameau d'or (Record no. 65216)
[ view plain ]
| 000 -LEADER | |
|---|---|
| campo de control de longitud fija | 00950nam a2200241 i 4500 |
| 001 - NÚMERO DE CONTROL | |
| campo de control | 65216 |
| 003 - IDENTIFICADOR DE NÚMERO DE CONTROL | |
| campo de control | ES-MaACL |
| 005 - FECHA Y HORA DE LA ÚLTIMA TRANSACCIÓN | |
| campo de control | 20250819063044.0 |
| 007 - CAMPO FIJO DE DESCRIPCIÓN FÍSICA--INFORMACIÓN GENERAL | |
| campo de control de longitud fija | t| |
| 008 - DATOS DE LONGITUD FIJA--INFORMACIÓN GENERAL | |
| campo de control de longitud fija | 040109m19031911fr |||| | fre d |
| 100 0# - ENTRADA PRINCIPAL--NOMBRE DE PERSONA | |
| Nombre de persona | Frazer, James George, |
| Títulos y otros términos asociados al nombre | Sir, |
| Fechas asociadas al nombre | 1854-1941 |
| 9 (RLIN) | 52400 |
| 245 13 - MENCIÓN DEL TÍTULO | |
| Título | La rameau d'or |
| Resto del título | : étude sur la magie et la religion / |
| Mención de responsabilidad, etc. | James George Frazer ; traduit de l'anglais par R. Stiébel, J. Toutain. |
| 260 ## - PUBLICACIÓN, DISTRIBUCIÓN, ETC. | |
| Lugar de publicación, distribución, etc. | Paris : |
| Nombre del editor, distribuidor, etc. | Schleicher Fréres, |
| Fecha de publicación, distribución, etc. | 1903-11 ( |
| Lugar de fabricación/manufactura | Tours : |
| Fabricante | Arrault) |
| 300 ## - DESCRIPCIÓN FÍSICA | |
| Extensión | 3 v. ; |
| Dimensiones | 23 cm. |
| 505 8# - NOTA DE CONTENIDO CON FORMATO | |
| Nota de contenido con formato | Contiene: I ; |
| Título | Magie et religion: les tabous - II ; |
| -- | Les maurtres rituels; Périls et transmigrations de l'ame - III ; |
| -- | Les cultes agraries et silvestres |
| 650 04 - PUNTO DE ACCESO ADICIONAL DE MATERIA--TÉRMINO DE MATERIA | |
| Término de materia o nombre geográfico como elemento de entrada | Magia. |
| 9 (RLIN) | 14729 |
| 650 07 - PUNTO DE ACCESO ADICIONAL DE MATERIA--TÉRMINO DE MATERIA | |
| Término de materia o nombre geográfico como elemento de entrada | Religiones primitivas |
| Fuente del encabezamiento o término | embne |
| 9 (RLIN) | 16825 |
| 650 #4 - PUNTO DE ACCESO ADICIONAL DE MATERIA--TÉRMINO DE MATERIA | |
| Término de materia o nombre geográfico como elemento de entrada | Mitología. |
| 9 (RLIN) | 15092 |
| 700 1# - ENTRADA AGREGADA--NOMBRE PERSONAL | |
| Nombre de persona | Stiébel, R. |
| 9 (RLIN) | 108201 |
| 700 1# - ENTRADA AGREGADA--NOMBRE PERSONAL | |
| Nombre de persona | Toutain, J. |
| 9 (RLIN) | 111164 |
| 852 ## - LOCALIZACIÓN | |
| Ubicación | ES-MaACL |
| Número de control de estantería | F-8390-92 |
| Estatus retirado | Estado de pérdida | Estado de daño | No para préstamo | Biblioteca de origen | Biblioteca actual | Ubicación en estantería | Fecha de adquisición | Fuente de adquisición | Total de préstamos | Signatura topográfica completa | Código de barras | Visto por última vez | Precio de reemplazo | Tipo de ítem Koha |
|---|---|---|---|---|---|---|---|---|---|---|---|---|---|---|
| Biblioteca del Ateneo de Madrid | Biblioteca del Ateneo de Madrid | Sala Pecera Planta 2 | 17/01/2008 | F-8390-92 | 1068326 | 23/02/2023 | 23/02/2023 | Libro impreso |
